| 000 | 00796cam a22002894a 4500 | ||
|---|---|---|---|
| 001 | 12229140 | ||
| 003 | OSt | ||
| 005 | 20180419130153.0 | ||
| 008 | 001113s2001 moua 001|0 eng c | ||
| 010 | _a 00066437 | ||
| 020 | _a032301013X (pbk.) | ||
| 035 | _a(DNLM)100970865 | ||
| 040 |
_aDNLM/ DLC _cDLC _dDLC |
||
| 042 | _apcc | ||
| 050 | 0 | 0 |
_aQM535 _b.L53 2001 |
| 060 | 1 | 0 |
_aWU 101 _bL716a 2001 |
| 082 | 0 | 0 |
_aWU 101 L621a 2001 _221 |
| 100 | 1 |
_aLiebgott, Bernard. _94167 |
|
| 245 | 1 | 4 | _aThe Anatomical Basis of Dentistry |
| 250 | _a2nd ed. | ||
| 260 |
_aSt. Louis : _bMosby, _cc2001. |
||
| 300 |
_ax, 546 p. : _bill. (some col.) ; _c28 cm. |
||
| 504 | _aIncludes index. | ||
| 650 | 0 |
_aDental anatomy _93287 |
|
| 906 |
_a7 _bcbc _corignew _d1 _eocip _f20 _gy-gencatlg |
||
| 942 |
_2z _cSLOAN |
||
| 999 |
_c1574 _d1574 |
||